| 000 | 00525cam a2200205ua 4500 | ||
|---|---|---|---|
| 001 | 9149 | ||
| 005 | 20260515114431.0 | ||
| 008 | 150223n ii |||gr||||Z||||||eng | ||
| 040 | _cMAIN | ||
| 041 | _aeng | ||
| 082 | _a330.01 | ||
| 100 |
_aBarua, D. Kr., _eAuthor., |
||
| 245 | 1 |
_aEconomics : _bEconomic theory and problems of indian economics / _cBy Dilip Kr. Barua . |
|
| 250 | _a9th. | ||
| 260 |
_aGuwahati: _bAssam, _c2007. |
||
| 300 | _a306p. | ||
| 653 | _aEconomics | ||
| 700 |
_aBarua, I., _eAuthor. |
||
| 942 | _cBK | ||
| 999 |
_c8213 _d8213 |
||